Slipping Through My Fingers - ABBA (All Lyrics) - Statistics

General Stats
  • This quiz has been taken 2,673 times
  • The average score is 224 of 285
Answer Stats
Slipping Through My Fingers % Correct
a
99%
I
99%
the
99%
Pre-Chorus The
99%
fingers
96%
my
96%
Chorus | Outro Slipping
96%
through
96%
time
96%
all
95%
in
95%
to
92%
an
91%
she
91%
She
91%
go
89%
go?
89%
her
88%
feeling
87%
morning
87%
early
86%
hand
86%
Pre-Chorus What
86%
that
85%
That
85%
with
85%
it
84%
mind?
84%
try
84%
And
83%
and
83%
for
83%
leaves
83%
smile
83%
every
82%
I'm
82%
Verse 1 Schoolbag
82%
home
81%
goodbye
80%
Do
79%
minute
79%
know
78%
Waving
78%
forever
76%
absent
75%
capture
75%
losing
74%
minded
74%
of
74%
watch
74%
really
73%
on
72%
funny
71%
see
71%
Then
71%
keeps
68%
what's
68%
close
66%
Each
66%
girl
66%
growing
66%
little
66%
have
65%
me
65%
think
65%
when
65%
while
65%
we
64%
can
63%
sit
63%
knowing
62%
down
61%
without
58%
entering
57%
world
57%
some
55%
breakfast
53%
by
53%
table
53%
sadness
52%
at
51%
laughter
51%
well
51%
Well
51%
glad
50%
let
50%
us
49%
happened
48%
known
48%
share
47%
Verse 2 Sleep
47%
eyes
46%
precious
46%
can't
45%
adventures
44%
had
44%
she's
44%
awake
43%
places
43%
whenever
43%
wonderful
43%
gone
42%
picture
42%
planned
42%
could
41%
deny
41%
wish
41%
Barely
40%
did
39%
sense
39%
Bridge Sometimes
39%
but
38%
why
38%
don't
37%
freeze
37%
just
37%
our
37%
didn't
36%
guilt
36%
melancholy
36%
from
34%
most
33%
save
33%
surge
33%
there's
33%
tricks
32%
old
29%
No matching quizzes found
Score Distribution
Percent of People with Each Score
Percentile by Number Answered
Your Score History
You have not taken this quiz